UNCTAD: přízrak velké krize. Zprávy o stavu světové ekonomiky. 1.

Charakteristika napätia na svetových finančných trhoch a vyvrátenia európskeho menového mechanizmu ako odraz zásadných ekonomických problémov priemyselných krajín. Tri správy (UNCTAD, MMF a Svetovej banky) uverejnené pred washingtonským zasadaním ministrov financií G7 o súčasnom stave a výhľadoch sv...

Description complète

Enregistré dans:
Détails bibliographiques
Auteur principal: Provazník, Dušan
Format: Chapitre de livre
Langue:tchèque
Sujets:
Tags: Ajouter un tag
Pas de tags, Soyez le premier à ajouter un tag!

MARC

LEADER 00000naa a2200000 4500
001 r009872
005 20220831090301.6
041 0 |a cze 
044 |a [CS] 
245 1 0 |a UNCTAD: přízrak velké krize.  |b Zprávy o stavu světové ekonomiky. 1.  |c Dušan Provazník 
520 |a Charakteristika napätia na svetových finančných trhoch a vyvrátenia európskeho menového mechanizmu ako odraz zásadných ekonomických problémov priemyselných krajín. Tri správy (UNCTAD, MMF a Svetovej banky) uverejnené pred washingtonským zasadaním ministrov financií G7 o súčasnom stave a výhľadoch svetovej ekonomiky. Správa UNCTAD ukazuje, že svet vstúpil do "nebezpečnej fázy", nachádza sa v dlhovej deflácii a stagnácii. 
610 2 0 |a hospodárstvo svetové 
610 2 0 |a UNCTAD 
610 2 0 |a dlhy 
610 2 0 |a inflácia 
610 2 0 |a sektor súkromný 
610 2 0 |a domácnosti 
100 1 |a Provazník, Dušan